Practical beekeeping / (Record no. 67331)
[ view plain ]
| 000 -LEADER | |
|---|---|
| fixed length control field | 00741nam a2200253 a 4500 |
| 001 - CONTROL NUMBER | |
| control field | 67331 |
| 003 - CONTROL NUMBER IDENTIFIER | |
| rucl marc code | BD-RjUL |
| 005 - DATE AND TIME OF LATEST TRANSACTION | |
| control field | 20211209081635.0 |
| 008 - FIXED-LENGTH DATA ELEMENTS--GENERAL INFORMATION | |
| fixed length control field | 761202s1986 vtua 001 0 eng |
| 020 ## - INTERNATIONAL STANDARD BOOK NUMBER | |
| International Standard Book Number | 0882660926 |
| -- | 0882660918 |
| 035 ## - SYSTEM CONTROL NUMBER | |
| System control number | (BD-RjUL)67462 |
| 040 ## - CATALOGING SOURCE | |
| Original cataloging agency | DLC |
| Transcribing agency | DLC |
| Modifying agency | BD-RjUL |
| Language of cataloging | eng |
| 041 ## - LANGUAGE CODE | |
| Language code of text/sound track or separate title | eng |
| 082 00 - DEWEY DECIMAL CLASSIFICATION NUMBER | |
| Classification number | 638.1 |
| Edition number | 23 |
| Author mark and year | TOP 1986 |
| 100 1# - MAIN ENTRY--PERSONAL NAME | |
| Personal name | Tompkins, Enoch H. |
| 9 (RLIN) | 199489 |
| 245 10 - TITLE STATEMENT | |
| Title | Practical beekeeping / |
| Statement of responsibility, etc. | by Enoch H. Tompkins & Roger Griffith. |
| 260 ## - PUBLICATION, DISTRIBUTION, ETC. (IMPRINT) | |
| Place of publication, distribution, etc. | Charlotte, Vt. : |
| Name of publisher, distributor, etc. | Garden Way Pub., |
| Date of publication, distribution, etc. | c1977[printed1986] |
| 300 ## - PHYSICAL DESCRIPTION | |
| Pagination | vi, 218 p. : |
| Illustrations | ill. ; |
| Size | 24 cm. |
| 500 ## - GENERAL NOTE | |
| General note | Includes index. |
| 650 #0 - SUBJECT ADDED ENTRY--TOPICAL TERM | |
| Topical term or geographic name as entry element | Bee culture. |
| 9 (RLIN) | 199490 |
| 700 1# - ADDED ENTRY--PERSONAL NAME | |
| Personal name | Griffith, Roger. |
| 942 ## - ADDED ENTRY ELEMENTS (KOHA) | |
| Source of classification or shelving scheme | Dewey Decimal Classification |
| Koha item type | Books |
| Lost status | Source of classification or shelving scheme | Damaged status | Not for loan | Collection code | Permanent Location | Current Location | Shelving location | Date acquired | Source of acquisition | Cost, normal purchase price | Total Checkouts | Full call number | Date last seen | Copy number | Koha item type |
|---|---|---|---|---|---|---|---|---|---|---|---|---|---|---|---|
| Dewey Decimal Classification | Not For Loan | Non-fiction | Central Library, University of Rajshahi | Central Library, University of Rajshahi | Reading Room | 18/06/1988 | Manik Brothers | 7.33 | 638.1 TOP 1986 | 23/03/2017 | C-1 | Books |